| 000 | 01449nam a2200265 i 4500 | ||
|---|---|---|---|
| 001 | 159181 | ||
| 003 | ES-MaACL | ||
| 005 | 20250719062544.0 | ||
| 008 | 040908s1886 sp |||| | spa d | ||
| 100 | 1 |
_aMauleón y Jimeno, F. _9129738 |
|
| 245 | 1 | 0 |
_aManual del empleado de cárceles _bo Recopilación de todas las disposiciones vigentes en materia carcelaria / _cpor F. Mauleón y Jimeno y J. Rabadán y Ramírez. |
| 246 | 3 | 0 | _aRecopilación de todas las disposiciones vigentes en materia carcelaria |
| 260 |
_aMadrid : _b[s.n.], _c1886 ( _fEst. tip. de Ramón Angulo) |
||
| 300 |
_a205 p. ; _c21 cm. |
||
| 650 |
_aDerecho penitenciario- _zEspaña. _9176229 |
||
| 650 |
_aDerecho penitenciario- _zEspaña. _9176229 |
||
| 650 | 4 |
_aEstablecimientos penitenciarios- _xPersonal. _9150562 |
|
| 700 | 1 |
_aRabadán y Ramírez, J. _9131541 |
|
| 710 | 1 |
_aEspaña. _tLeyes, etc. penitenciarias. _93836 |
|
| 852 |
_aES-MaACL _jD-262(7) _9165122 _bR.FOLL.11/7 _cSVI _dOlim: 193-C-18 _fSello en tinta en portada: "Donativo del Sr. Lastres al Ateneo de Madrid, 1907" _fSello en tint en cubierta: "S.E.P. Biblioteca. Madrid" _gAnotación manuscrita en cubierta: "Estudios penitenciarios, Tomo 18" _xEncuadernado con otras obras formando un volumen facticio _xEncuadernación holandesa |
||
| 903 |
_aLastres y Juiz, Francisco, _d1848-1918 _ednr _q1 _970504 |
||
| 942 |
_2udc _cMONANT |
||
| 999 |
_c159181 _d159181 |
||